[Event "Moscow Open 2009 C"]
[Site "?"]
[Date "2009.02.04"]
[Round "5.34"]
[White "Kazennova, Daria"]
[Black "Drozdova, Dina"]
[Result "1/2-1/2"]
[WhiteElo "1964"]
[BlackElo "2175"]
[Annotator ""]
[Source ""]
[Remark ""]

1.e4 d6 2.d4 Nf6 3.Bd3 e5 4.c3 Be7 5.Nf3 Nbd7 6.O-O O-O 7.Nbd2
c6 8.Nc4 Qc7 9.Bg5 Re8 10.Bh4 Bf8 11.Re1 b5 12.Ne3 exd4 13.cxd4
a6 14.Qc2 Nh5 15.e5 g6 16.Nd5 Qb7 17.e6 Ne5 18.dxe5 cxd5 19.exf7+
Qxf7 20.exd6 Bd7 21.Ne5 Rxe5 22.Rxe5 Bxd6 23.Rxh5 gxh5 24.Bg3
Be7 25.Qc7 Bf6 26.Be5 Rc8 27.Qd6 Rc6 28.Qb8+ Rc8 29.Qd6 1/2-1/2

[Event "Moscow Open 2009 C"]
[Site "?"]
[Date "2009.02.04"]
[Round "5.35"]
[White "Krasenkova, Ilena"]
[Black "Dolgova, Tamara"]
[Result "1-0"]
[WhiteElo "2170"]
[BlackElo "1977"]
[Annotator ""]
[Source ""]
[Remark ""]

1.d4 d5 2.c4 e6 3.g3 c5 4.cxd5 exd5 5.Nf3 Nc6 6.Nc3 Nf6 7.Bg2
Be7 8.O-O O-O 9.dxc5 Bxc5 10.Bg5 Be7 11.a3 h6 12.Bf4 a6 13.Qd3
Be6 14.Rfd1 Qb6 15.b4 Rfd8 16.Na4 Qb5 17.Qxb5 axb5 18.Nc3 g5
19.Bc7 Rd7 20.Nxb5 Ne8 21.Bb6 Bf6 22.Nfd4 Ra6 23.Bc5 Rd8 24.Nxe6
fxe6 25.Rab1 Ne5 26.e4 b6 27.Bd4 dxe4 28.Bxe4 Nd6 29.Bxe5 Bxe5
30.Rd3 Nf7 31.Rxd8+ Nxd8 32.Rd1 Nf7 33.Bb7 Ra4 34.Bc8 Ra8 35.Bxe6
Re8 36.Bb3 Re7 37.Kg2 Kg7 38.a4 Bf6 39.a5 Ne5 40.Nd6 Rd7 41.Ne8+
Kg6 42.Nxf6 Kxf6 43.Rxd7 Nxd7 44.a6 1-0

[Event "Moscow Open 2009 C"]
[Site "?"]
[Date "2009.02.04"]
[Round "5.36"]
[White "Kineva, Ekaterina"]
[Black "Khobotova, Olesia"]
[Result "1/2-1/2"]
[WhiteElo "2168"]
[BlackElo "1971"]
[Annotator ""]
[Source ""]
[Remark ""]

1.e4 d5 2.exd5 Qxd5 3.Nc3 Qd6 4.Be2 Nf6 5.Nf3 a6 6.d4 Nc6 7.h3
Bf5 8.Be3 e6 9.O-O O-O-O 10.a3 h6 11.b4 g5 12.b5 Nb8 13.Ne5 Rh7
14.bxa6 bxa6 15.Rb1 Nd5 16.Nxd5 exd5 17.f4 gxf4 18.Bxf4 Qe6 19.Bh2
Rg7 20.Rxf5 Qxf5 21.Bg4 Rxg4 22.hxg4 Qe6 23.Qf3 f6 24.Ng6 Bd6
25.Bxd6 Rxd6 26.Qf5 Nc6 27.c3 Na5 28.Re1 Qxf5 29.gxf5 Nc4 30.Ne7+
Kd7 31.a4 Nb6 32.a5 Nc4 33.Ng8 h5 34.Re7+ Kd8 35.Rf7 Nxa5 36.Nxf6
h4 37.Ng4 Nc4 38.Ne5 a5 39.Rh7 Rf6 40.Rh8+ Ke7 41.Ng6+ Kd7 42.Nxh4
Ne3 43.Ra8 Nxf5 44.Nxf5 Rxf5 45.Rxa5 c6 46.Ra7+ Ke6 47.Rc7 Kd6
48.Rg7 Rf6 49.Ra7 Ke6 50.Ra5 Kf5 51.Ra2 Ke4 52.Rf2 Rg6 53.Rf3
c5 54.dxc5 Rc6 55.Kf2 Rxc5 56.Re3+ Kf5 57.Kf3 Rc4 58.Rd3 Ke5
59.g4 Rf4+ 60.Kg3 Rc4 61.Re3+ Kf6 62.Rf3+ Kg5 63.Rf5+ Kg6 64.Rxd5
Rxc3+ 65.Kh4 Rc6 66.Rd8 Ra6 67.Rg8+ Kf7 68.Rg5 Ra1 69.Rb5 Kg6
70.Rb6+ Kg7 1/2-1/2

[Event "Moscow Open 2009 C"]
[Site "?"]
[Date "2009.02.04"]
[Round "5.37"]
[White "Koroteeva, Ksenia"]
[Black "Kushka, Alena"]
[Result "1-0"]
[WhiteElo "1951"]
[BlackElo "2124"]
[Annotator ""]
[Source ""]
[Remark ""]

1.e4 c5 2.Nf3 Nc6 3.d4 cxd4 4.Nxd4 Qb6 5.Nb3 Nf6 6.Nc3 e6 7.Be3
Qc7 8.a3 d6 9.Bd3 a6 10.O-O b5 11.f4 Be7 12.Qf3 O-O 13.Rae1 Bb7
14.Qh3 b4 15.axb4 Nxb4 16.Nd4 Nxd3 17.cxd3 Rab8 18.Rf2 Ba8 19.Nf3
Nd7 20.f5 e5 21.Ne2 Rxb2 22.Ng3 Rxf2 23.Kxf2 f6 24.Nh5 d5 25.Nxg7
Kxg7 26.Bh6+ Kh8 27.Nh4 Rg8 28.Ng6+ Rxg6 29.fxg6 Bf8 30.Bg7+ 1-0

[Event "Moscow Open 2009 C"]
[Site "?"]
[Date "2009.02.04"]
[Round "5.38"]
[White "Gavrjuchenkova, Angelina"]
[Black "Rjanova, Valery"]
[Result "0-1"]
[WhiteElo "1934"]
[BlackElo "2113"]
[Annotator ""]
[Source ""]
[Remark ""]

1.e4 c5 2.Nc3 d6 3.g3 g6 4.Bg2 Bg7 5.d3 Nc6 6.f4 e6 7.Nf3 Nge7
8.O-O O-O 9.g4 f5 10.g5 Rb8 11.Ne2 e5 12.c3 Be6 13.Be3 Qa5 14.Qe1
Rbe8 15.h4 c4 16.Qd2 cxd3 17.Qxd3 fxe4 18.Qxe4 d5 19.Qc2 Nf5
20.Bf2 e4 21.Nfd4 e3 22.Be1 Ncxd4 23.Nxd4 Nxd4 24.cxd4 Qb6 25.Kh1
Qxd4 26.Bc3 Qc5 27.Qa4 Bxc3 28.bxc3 Qxc3 29.h5 e2 0-1

[Event "Moscow Open 2009 C"]
[Site "?"]
[Date "2009.02.04"]
[Round "5.39"]
[White "Kalmykova, Anastasia"]
[Black "Chernyshova, Natalia"]
[Result "1-0"]
[WhiteElo "2100"]
[BlackElo "1951"]
[Annotator ""]
[Source ""]
[Remark ""]

1.f4 d5 2.Nf3 Nf6 3.b3 g6 4.Bb2 Bg7 5.g3 O-O 6.Bg2 c6 7.O-O Nbd7
8.e3 Nb6 9.h3 Bd7 10.d3 Qc8 11.g4 Rd8 12.Ne5 Be6 13.Nd2 Nfd7
14.d4 Nxe5 15.dxe5 c5 16.Nf3 Bd7 17.a4 a5 18.Qe1 Qc7 19.Bc3 Nc8
20.e4 dxe4 21.Ng5 Bc6 22.Qh4 h6 23.Nxe4 Nb6 24.Qf2 Nd7 25.Rae1
b6 26.h4 Rf8 27.g5 h5 28.Qe2 Rad8 29.Bh3 Bxe4 30.Qxe4 e6 31.Rf2
Nb8 32.Bg2 Rd7 33.Rd2 Rfd8 34.Red1 Na6 35.Rxd7 Rxd7 36.Rxd7 Qxd7
37.Qa8+ Bf8 38.Qxa6 Qd1+ 39.Qf1 Qxc2 40.Qc4 Qd1+ 41.Kh2 Qg4 42.Be1
Qd1 43.Bf2 Qd2 44.Kg3 Qd1 45.Bf3 Qd8 46.Qc2 Kg7 47.Qd1 Qc7 48.Qd3
Be7 49.Be2 Bd8 50.Qf3 Qd7 51.Bb5 Qd2 52.Qd3 1-0

[Event "Moscow Open 2009 C"]
[Site "?"]
[Date "2009.02.04"]
[Round "5.40"]
[White "Styazhkina, Anna"]
[Black "Gaprindashvili, Nona"]
[Result "1-0"]
[WhiteElo "1926"]
[BlackElo "2089"]
[Annotator ""]
[Source ""]
[Remark ""]

1.e4 Nc6 2.Nf3 d6 3.d4 Bg4 4.Be3 e6 5.Nc3 Nf6 6.h3 Bh5 7.d5 Ne5
8.g4 Bg6 9.Nxe5 dxe5 10.g5 exd5 11.gxf6 d4 12.Nb5 dxe3 13.Nxc7+
Qxc7 14.Bb5+ 1-0

[Event "Moscow Open 2009 C"]
[Site "?"]
[Date "2009.02.04"]
[Round "5.41"]
[White "Derbentseva, Irina"]
[Black "Frolova, Ekaterina"]
[Result "1-0"]
[WhiteElo "2080"]
[BlackElo "1948"]
[Annotator ""]
[Source ""]
[Remark ""]

1.e4 c6 2.d4 d5 3.e5 Bf5 4.f4 e6 5.Nf3 Ne7 6.Be2 Nd7 7.Be3 Qc7
8.Nbd2 c5 9.c3 Nc6 10.O-O Be7 11.Rc1 cxd4 12.Nxd4 Nxd4 13.cxd4
Qb6 14.g4 Be4 15.Nxe4 dxe4 16.Qc2 O-O 17.Qxe4 Qxb2 18.Bd3 g6
19.Rc7 Rfd8 20.Rxb7 1-0

[Event "Moscow Open 2009 C"]
[Site "?"]
[Date "2009.02.04"]
[Round "5.42"]
[White "Sukhareva, Valentina"]
[Black "Sysoykina, Lidia"]
[Result "0-1"]
[WhiteElo "2078"]
[BlackElo "1924"]
[Annotator ""]
[Source ""]
[Remark ""]

1.d4 Nf6 2.Bg5 Ne4 3.Bh4 c5 4.f3 Nf6 5.dxc5 e6 6.Nc3 Bxc5 7.e4
Nc6 8.Nge2 Nxe4 9.Nxe4 Qxh4+ 10.N2g3 Qe7 11.Qd2 Bb4 12.c3 Bc5
13.Nh5 O-O 14.O-O-O f5 15.Nxc5 Qxc5 16.Qg5 Qe7 17.h4 f4 18.g3
Qxg5 19.hxg5 fxg3 20.f4 Ne7 21.Rd4 Nf5 22.Rd3 b6 23.Bg2 Rb8 24.Rg1
Rf7 25.Be4 Ba6 26.Bxf5 exf5 27.Rdxg3 Be2 28.Rh3 Bxh5 29.Rxh5
g6 30.Rh3 Re8 31.Kc2 Re4 32.Rh4 d5 33.b4 Rc7 34.Kb2 Re2+ 35.Kb3
Re3 36.Rd1 Rexc3+ 37.Kb2 Rc2+ 38.Kb1 R2c4 39.a3 d4 40.Rh2 Re7
41.Kb2 b5 42.Rdd2 Re4 43.Rh4 a6 44.Kb3 Re3+ 45.Kb2 d3 46.Kb3
Rf3 47.a4 Rcxf4 48.Rxf4 Rxf4 49.Rxd3 Re4 50.axb5 axb5 51.Rd5
f4 52.Rxb5 f3 53.Rb8+ Kf7 54.Rb7+ Ke6 55.Rb6+ Kf5 56.Rf6+ Kg4
57.b5 Rf4 58.Rxf4+ Kxf4 59.b6 f2 60.b7 f1Q 61.b8Q+ Kxg5 62.Qg3+
Kf5 63.Qc3 Qb5+ 64.Ka3 Ke4 65.Qh3 Qd3+ 0-1

[Event "Moscow Open 2009 C"]
[Site "?"]
[Date "2009.02.04"]
[Round "5.43"]
[White "Maksimova, Alisa"]
[Black "Yakupova, Aysyla"]
[Result "0-1"]
[WhiteElo "1895"]
[BlackElo "2076"]
[Annotator ""]
[Source ""]
[Remark ""]

1.e4 e5 2.Nf3 Nc6 3.d4 exd4 4.Nxd4 Nf6 5.Nxc6 bxc6 6.e5 Qe7 7.Qe2
Nd5 8.c4 Ba6 9.g3 g6 10.b3 Bg7 11.Bb2 O-O 12.Bg2 Rae8 13.O-O
Bxe5 14.Qxe5 Qxe5 15.Bxe5 Rxe5 16.cxd5 Bxf1 17.Kxf1 cxd5 18.Nc3
c6 19.Re1 Rfe8 20.Rxe5 Rxe5 21.Ne2 Kf8 22.Ke1 Ke7 23.Kd2 Kd6
24.b4 Re8 25.Nf4 a5 26.a3 axb4 27.axb4 Ra8 28.Nd3 Ra1 29.Ke3
Ra3 30.Bh3 Ra1 31.Nc5 Rb1 32.Nxd7 Rxb4 33.Nf6 h6 34.Bg2 Rb3+
35.Ke2 h5 36.Nh7 Rb7 37.Ng5 c5 38.Nf3 c4 39.Bf1 Kc5 40.Nd2 Kd4
41.Kd1 Ra7 42.Bg2 Ra2 43.Nf3+ Kc3 44.Ng1 Ra1+ 45.Ke2 d4 46.Nf3
Ra2+ 47.Kf1 d3 48.Bh3 Ra1+ 49.Kg2 d2 50.Nxd2 Kxd2 0-1

[Event "Moscow Open 2009 C"]
[Site "?"]
[Date "2009.02.04"]
[Round "5.44"]
[White "Sorokina, Nadejda"]
[Black "Malinicheva, L."]
[Result "0-1"]
[WhiteElo "1870"]
[BlackElo "2068"]
[Annotator ""]
[Source ""]
[Remark ""]

1.e4 Nf6 2.e5 Nd5 3.d4 d6 4.Nf3 Bg4 5.h3 Bh5 6.g4 Bg6 7.Bd3 e6
8.Bxg6 hxg6 9.Qd3 Nc6 10.a3 Be7 11.Nc3 dxe5 12.dxe5 Nxc3 13.Qxc3
Qd5 14.Bd2 Qe4+ 15.Kf1 O-O-O 16.Re1 Qa4 17.Kg2 Rd5 18.b4 a5 19.Ra1
Rhd8 20.Rhb1 f6 21.Bf4 g5 22.Be3 Nxe5 23.Nxe5 Rxe5 24.Bb6 Qc6+
25.Qxc6 bxc6 26.Bxa5 Re2 27.b5 Bc5 28.Be1 cxb5 29.Rxb5 Rxc2 30.Rab1
Bxa3 31.Rb8+ Kd7 32.Rd1+ Bd6 33.Rxd8+ Kxd8 34.Ba5 Kd7 0-1

[Event "Moscow Open 2009 C"]
[Site "?"]
[Date "2009.02.04"]
[Round "5.45"]
[White "Maslova, Elena"]
[Black "Della-Rossa, Anastasia"]
[Result "0-1"]
[WhiteElo "2068"]
[BlackElo "1868"]
[Annotator ""]
[Source ""]
[Remark ""]

1.e4 e5 2.d4 exd4 3.Bc4 d6 4.Nf3 Bg4 5.Bxf7+ Kxf7 6.c3 Bxf3 7.Qb3+
d5 8.Qxb7 Bxg2 9.Rg1 Bxe4 10.Qxa8 Qe8 11.Kd2 g6 12.cxd4 Qa4 13.Ke1
Bf3 14.Nc3 Bb4 15.Kd2 Bxc3+ 16.bxc3 Qc4 17.Re1 Nf6 18.Re3 Ne4+
19.Ke1 Bg2 20.Kd1 Nxc3+ 21.Ke1 Qf1+ 22.Kd2 Ne4+ 23.Kc2 Qc4+ 24.Kd1
Qxd4+ 25.Ke1 Qb4+ 26.Ke2 Nc3+ 27.Ke1 Nb1+ 28.Ke2 Qc4+ 29.Kd1
Qd4+ 30.Ke1 Qb4+ 31.Kd1 Qg4+ 32.Ke1 Bf3 33.Rxb1 Qg1+ 34.Kd2 Qd1+
35.Kc3 d4+ 36.Kb2 Bxa8 37.Re7+ Kxe7 38.Bg5+ Kf7 39.Rxd1 c5 0-1

[Event "Moscow Open 2009 C"]
[Site "?"]
[Date "2009.02.04"]
[Round "5.46"]
[White "Eryshkanova, Anastasiya"]
[Black "Skakun, Valentina"]
[Result "1-0"]
[WhiteElo "2055"]
[BlackElo "1700"]
[Annotator ""]
[Source ""]
[Remark ""]

1.e4 c5 2.Nf3 Nc6 3.d4 cxd4 4.Nxd4 g6 5.Nc3 Bg7 6.Be3 Nf6 7.f3
O-O 8.Qd2 d5 9.exd5 Nxd5 10.Nxd5 Qxd5 11.Nxc6 Qxc6 12.c3 Bf5
13.Be2 Rfd8 14.Qc1 Bd3 15.Bxd3 Rxd3 16.O-O Rad8 17.Qe1 b6 18.Qf2
Qd6 19.Rae1 Qd5 20.a3 Qh5 21.Qe2 Qd5 22.Bc1 e6 23.h3 Bf6 24.Qe4
Qc5+ 25.Kh1 Bg5 26.f4 Bh4 27.Be3 Qb5 28.Rb1 Qh5 29.Bd4 Rd2 30.Rf3
Qb5 31.f5 Qe2 32.Re3 Rd1+ 33.Kh2 R1xd4 34.cxd4 Qf2 35.fxe6 fxe6
36.Qxe6+ Kg7 37.Qe5+ Bf6 38.Qc7+ Kh6 39.Qg3 Qc2 40.Rf1 Bg5 41.h4
Rxd4 42.Qxg5+ 1-0

[Event "Moscow Open 2009 C"]
[Site "?"]
[Date "2009.02.04"]
[Round "5.49"]
[White "Bogumil, Tatiana"]
[Black "Tereshechkina, Maya"]
[Result "1-0"]
[WhiteElo "2218"]
[BlackElo "1912"]
[Annotator ""]
[Source ""]
[Remark ""]

1.Nf3 d5 2.g3 Nf6 3.Bg2 Bf5 4.O-O e6 5.c4 c6 6.b3 Nbd7 7.Bb2
Bd6 8.d4 O-O 9.Nc3 b6 10.Rc1 h6 11.e3 Ne4 12.Nd2 Nxc3 13.Bxc3
Nf6 14.Qe2 Rc8 15.e4 dxe4 16.Nxe4 Nxe4 17.Bxe4 Bxe4 18.Qxe4 c5
19.Rcd1 Qe7 20.Rfe1 Rce8 21.Kg2 f5 22.Qc6 Rc8 23.Qf3 cxd4 24.Bxd4
Rcd8 25.Bc3 Bc7 26.Rxd8 Rxd8 27.Qxf5 Re8 28.Qe4 Qf7 29.f4 a5
30.Qc6 Re7 31.Be5 Bxe5 32.Rxe5 Qe8 33.Qxe8+ Rxe8 34.Rb5 Rd8 35.a4
Rd6 36.Kf3 Kf7 37.Ke4 Kf6 38.h4 g6 39.g4 Ke7 40.h5 Kf7 41.hxg6+
Kxg6 42.c5 bxc5 43.Rxc5 Rb6 44.Rb5 Ra6 45.Kd4 Kf6 46.g5+ hxg5
47.Rxg5 Rb6 48.Rb5 Rd6+ 49.Ke4 Ra6 50.f5 exf5+ 51.Rxf5+ Ke7 52.Rb5
Kd6 53.Kd4 Kc7 54.Kc4 Kc6 55.Rh5 Kb7 56.Rh7+ Kc8 57.Kb5 Rg6 58.Kxa5
Rg3 59.b4 Rg6 60.b5 Kb8 61.b6 Kc8 62.Ka6 Rf6 63.Ka7 1-0

[Event "Moscow Open 2009 C"]
[Site "?"]
[Date "2009.02.04"]
[Round "5.50"]
[White "Larina, Marija"]
[Black "Niks, Yana"]
[Result "1-0"]
[WhiteElo "2109"]
[BlackElo "1885"]
[Annotator ""]
[Source ""]
[Remark ""]

1.e4 e5 2.Nf3 Nc6 3.Nc3 Nf6 4.Bb5 Bb4 5.O-O d6 6.Nd5 Bc5 7.d4
exd4 8.Bg5 a6 9.Bxc6+ bxc6 10.Bxf6 gxf6 11.Nf4 Rg8 12.Nxd4 Rg4
13.Nxc6 Qd7 14.Nd5 Rg6 15.Na5 Rb8 16.Qf3 Bd4 17.c3 Be5 18.Nc4
Qd8 19.Qh5 c6 20.Nde3 Bf4 21.Nf5 Be6 22.b3 Rb5 23.Rad1 d5 24.exd5
Rxd5 25.Qe2 Kf8 26.Nce3 Rxd1 27.Rxd1 Qc7 28.g3 Bxe3 29.Nxe3 Qe5
30.Qd3 h5 31.f4 Qxf4 32.Qd6+ Qxd6 33.Rxd6 Rg5 34.c4 Re5 35.Kf2
Ke7 36.Rxc6 a5 37.Ra6 f5 38.a3 Kd7 39.b4 axb4 40.axb4 Re4 41.Ra7+
Kd8 42.b5 Bxc4 43.b6 Kc8 44.Rc7+ Kb8 45.Rxc4 Re6 46.Nd5 1-0

[Event "Moscow Open 2009 C"]
[Site "?"]
[Date "2009.02.04"]
[Round "5.51"]
[White "Braun, Elina"]
[Black "Rassokhina, Ekaterina"]
[Result "0-1"]
[WhiteElo "1880"]
[BlackElo "2106"]
[Annotator ""]
[Source ""]
[Remark ""]

1.e4 c5 2.Nf3 Nc6 3.d4 cxd4 4.Nxd4 Nf6 5.Nc3 d6 6.Be2 e6 7.Be3
Be7 8.O-O O-O 9.f4 a6 10.a4 Qc7 11.Qe1 Rd8 12.Qg3 e5 13.Nb3 Be6
14.a5 Nd7 15.Nd5 Bxd5 16.exd5 exf4 17.Rxf4 Nce5 18.Nd4 Ng6 19.Rff1
Bf6 20.c4 Re8 21.Bd3 Nde5 22.Bxg6 Nxg6 23.b3 Be5 24.Qf2 Rf8 25.Ra2
Rae8 26.Nf3 Bc3 27.Bb6 Qd7 28.Rc1 Bb4 29.Ra4 Nf4 30.Rc2 Nd3 31.Qf1
Qf5 32.Re2 Bc5+ 33.Bxc5 Nxc5 34.Ra3 Rxe2 35.Qxe2 Qb1+ 36.Kf2
Ne4+ 37.Ke3 Qc1+ 38.Kd4 Qc3+ 0-1

[Event "Moscow Open 2009 C"]
[Site "?"]
[Date "2009.02.04"]
[Round "5.52"]
[White "Chukhlantseva, Anna"]
[Black "Beliaeva, Natalia"]
[Result "1/2-1/2"]
[WhiteElo "1842"]
[BlackElo "2004"]
[Annotator ""]
[Source ""]
[Remark ""]

1.e4 c6 2.d4 d6 3.Nc3 Nf6 4.Be2 Nbd7 5.Be3 e5 6.Nf3 Be7 7.O-O
O-O 8.Qd2 Qc7 9.Rad1 Rd8 10.Ne1 b5 11.a3 a5 12.Bd3 Nb6 13.f4
Ng4 14.fxe5 dxe5 15.dxe5 Nxe5 16.Qf2 Rb8 17.Bf4 Be6 18.Nf3 Nbd7
19.Qg3 Nxf3+ 20.gxf3 Qb6+ 21.Kh1 Rbc8 22.Rg1 g6 23.h4 Nf6 24.Qh2
Nh5 25.Bg5 Qc7 26.Ne2 Qxh2+ 27.Kxh2 f6 28.Bd2 b4 29.axb4 axb4
30.Ba6 Rb8 31.Be3 c5 32.b3 Kf7 33.Bd3 Ra8 34.Ra1 Rxa1 35.Rxa1
Bxb3 36.Ra7 c4 37.Bc5 Re8 38.Nd4 cxd3 39.cxd3 Kf8 40.Nxb3 Nf4
41.d4 Nd3 42.Kg3 h5 43.Rb7 Nxc5 44.Nxc5 Bxc5 45.dxc5 Rc8 1/2-1/2

[Event "Moscow Open 2009 C"]
[Site "?"]
[Date "2009.02.04"]
[Round "5.53"]
[White "Blokhina, Elvira"]
[Black "Saduakassova, Dinara"]
[Result "0-1"]
[WhiteElo "1996"]
[BlackElo "1850"]
[Annotator ""]
[Source ""]
[Remark ""]

1.d4 d5 2.c4 e6 3.Nc3 Nf6 4.Bg5 Nbd7 5.e3 c6 6.cxd5 exd5 7.Nf3
Be7 8.Bd3 O-O 9.O-O Re8 10.Qc2 h6 11.Bh4 Ne4 12.Bxe7 Qxe7 13.a3
Ndf6 14.b4 Bd7 15.Ne5 Nxc3 16.Qxc3 Qd6 17.Rfe1 b6 18.Rac1 Rac8
19.Qb3 c5 20.Nxd7 Nxd7 21.Qb2 c4 22.Bf5 g6 23.Bg4 f5 24.Bf3 Nf6
25.Qe2 Qe6 26.b5 Kg7 27.a4 h5 28.Ra1 Qd7 29.Qb2 Qc7 30.Qc3 Qd7
31.Reb1 Rb8 32.a5 Re6 33.Qb4 bxa5 34.Qxa5 Rb7 35.Rb4 Reb6 36.Rab1
Ne8 37.Bd1 Nd6 38.Ba4 Ne4 39.Rc1 Nd6 40.Rcb1 Qe8 41.R4b2 a6 42.Qc3
axb5 43.Bc2 Qc6 44.f3 Re7 45.g3 Qb7 46.Kf2 Rf7 47.h3 Rf6 48.Rb4
Nc8 49.Qb2 Na7 50.Kg2 Qe7 51.Qc3 Qf7 52.Kf2 Rb8 53.g4 hxg4 54.hxg4
fxg4 55.f4 Rh8 56.Kg2 g5 57.Rf1 Rfh6 58.Kf2 gxf4 59.e4 Rh2+ 60.Ke1
Rh1 61.Rxh1 Rxh1+ 62.Kd2 f3 63.Qe3 Rh6 64.Rb1 Rh2+ 65.Kc3 Qe7
66.Rb4 Nc6 67.Rxb5 Qa3+ 68.Rb3 Rxc2+ 69.Kxc2 Qxb3+ 0-1

[Event "Moscow Open 2009 C"]
[Site "?"]
[Date "2009.02.04"]
[Round "5.56"]
[White "Khabalonova, Tamara"]
[Black "Semenova, Anastasia"]
[Result "0-1"]
[WhiteElo "1943"]
[BlackElo "1840"]
[Annotator ""]
[Source ""]
[Remark ""]

1.e4 e5 2.Nf3 Nf6 3.Nc3 Bb4 4.Bb5 O-O 5.d3 c6 6.Ba4 Bxc3+ 7.bxc3
Qa5 8.Bb3 Qxc3+ 9.Bd2 Qc5 10.a3 a5 11.O-O Qe7 12.Re1 d6 13.h3
Be6 14.Nh4 Bxb3 15.cxb3 Nbd7 16.Nf5 Qe6 17.Be3 d5 18.Qc2 d4 19.Bg5
Rfc8 20.Rac1 b5 21.Re2 c5 22.Qb1 Nb6 23.Rec2 c4 24.bxc4 bxc4
25.Ne7+ Qxe7 26.Qxb6 c3 27.Qb3 Rcb8 28.Qa2 a4 29.Rf1 Rb3 30.Bc1
Nxe4 31.dxe4 d3 32.Rxc3 Rxc3 33.Rd1 Qc5 34.Be3 Qxa3 35.Qd5 Re8
36.Qb5 Rd8 37.Qxe5 Qb3 38.Rf1 f6 39.Qe7 Rcc8 40.Bd2 a3 41.e5
Re8 42.Qd7 fxe5 43.Re1 a2 44.Kh2 Qb2 45.Qd5+ Kh8 0-1

[Event "Moscow Open 2009 C"]
[Site "?"]
[Date "2009.02.04"]
[Round "5.58"]
[White "Pylaeva, Ekaterina"]
[Black "Khropova, Larisa"]
[Result "0-1"]
[WhiteElo "1676"]
[BlackElo "2060"]
[Annotator ""]
[Source ""]
[Remark ""]

1.e4 d5 2.exd5 Qxd5 3.Nf3 Bg4 4.Be2 Nf6 5.Nc3 Qa5 6.d4 c6 7.O-O
e6 8.Bd2 Qc7 9.Re1 Bd6 10.h3 Bh5 11.Bg5 Nbd7 12.Qd3 Bg6 13.Qd2
h6 14.Be3 O-O-O 15.a3 Nb6 16.Qc1 Bh7 17.Na2 Nbd5 18.c4 Nxe3 19.Qxe3
g5 20.Ne5 c5 21.Bf3 cxd4 22.Qxd4 Bxe5 23.Qxe5 Qxe5 24.Rxe5 Rd2
25.Rc5+ Kb8 26.Rb5 Be4 27.Rd1 Rhd8 28.Rxd2 Rxd2 29.Bxe4 Nxe4
30.Nb4 Rd1+ 31.Kh2 Nxf2 32.Na6+ Kc8 33.Nc5 b6 34.Na4 f5 35.Nc3
Rh1+ 36.Kg3 Nd3 37.Ne2 h5 38.Nd4 Kd7 39.Kf3 Nf4 40.c5 h4 41.cxb6
axb6 42.Rxb6 Rf1+ 43.Ke3 Rd1 44.Rb4 Rd3+ 45.Kf2 Rd2+ 46.Ke3 Rd3+
47.Kf2 Rg3 48.Rb3 Rxg2+ 49.Kf1 Rd2 50.Nf3 Rd1+ 51.Ne1 e5 52.Rb7+
Kc6 53.Rf7 e4 54.Rxf5 Nd3 55.Rxg5 Rxe1+ 56.Kg2 Re2+ 57.Kg1 Rxb2
58.Rg4 Kd5 59.Rxh4 e3 60.Rh5+ Ke4 0-1

[Event "Moscow Open 2009 C"]
[Site "?"]
[Date "2009.02.04"]
[Round "5.59"]
[White "Artemenko, Rimma"]
[Black "Severina, Maria"]
[Result "0-1"]
[WhiteElo "1579"]
[BlackElo "1940"]
[Annotator ""]
[Source ""]
[Remark ""]

1.f4 d5 2.Nf3 Nf6 3.e3 e6 4.Be2 c5 5.b3 Bd6 6.Bb2 Nbd7 7.O-O
Qc7 8.Bb5 O-O 9.Bxd7 Nxd7 10.d3 d4 11.exd4 Bxf4 12.dxc5 Nxc5
13.Qe2 Bd6 14.Nbd2 f6 15.Nc4 Be7 16.d4 Na6 17.Ba3 Nb4 18.c3 Nd5
19.Bxe7 Qxe7 20.Rac1 b5 21.Ne3 Nxe3 22.Qxe3 Bb7 23.Rfe1 Rfe8
24.b4 Bd5 25.a3 Qb7 26.Qf2 Rac8 27.Re3 Rc7 28.Ne1 Rec8 29.Rg3
Rf7 30.Qd2 Kf8 31.Nd3 a5 32.Nc5 Qb6 33.Rh3 g5 34.Re3 axb4 35.axb4
Ra8 36.Ree1 Kg7 37.Qb2 Rfa7 38.Ra1 Ra2 39.Rxa2 Rxa2 40.Qc1 Rxg2+
41.Kf1 Rxh2 42.Qe3 Qc6 43.Nxe6+ Bxe6 44.d5 Qxd5 45.Qe4 Qxe4 46.Rxe4
Bc4+ 0-1

[Event "Moscow Open 2009 C"]
[Site "?"]
[Date "2009.02.04"]
[Round "5.72"]
[White "Vanchikova, Dulma"]
[Black "Butneva, Larisa"]
[Result "1/2-1/2"]
[WhiteElo "1799"]
[BlackElo "1875"]
[Annotator ""]
[Source ""]
[Remark ""]

1.e4 c5 2.Nf3 d6 3.h3 e5 4.Bc4 h6 5.Nc3 Nf6 6.d3 Nc6 7.a3 Be7
8.O-O a6 9.Nh2 b5 10.Ba2 Nd4 11.Ne2 g5 12.Ng3 Be6 13.c3 Bxa2
14.Rxa2 Ne6 15.Ra1 h5 16.Nf5 Rg8 17.Ne3 Nf4 18.Nf5 g4 19.h4 d5
20.Bxf4 exf4 21.Nxe7 Kxe7 22.e5 Nd7 23.d4 c4 24.g3 f3 25.Re1
Nf8 26.Qd2 Ne6 27.Qh6 Ng7 28.Nf1 Qd7 29.Qf6+ Ke8 30.Ne3 Qe6 31.Qg5
Kd7 32.Qf4 Kc6 33.Nc2 a5 34.a4 Nf5 35.axb5+ Kxb5 36.Na3+ Kb6
37.Reb1 a4 38.Nc2 Rg6 39.Nb4 Rgg8 40.Nxd5+ Qxd5 41.Qxf5 Rh8 42.Qf6+
Qe6 43.Qxe6+ fxe6 44.Rd1 Kc6 45.Rd2 Kd5 46.Kf1 Rhb8 47.Ke1 Rb3
48.Ra3 Rxa3 49.bxa3 Rb8 50.Ra2 Ke4 51.Rd2 Rb3 52.d5 Rb1+ 53.Rd1
Rxd1+ 54.Kxd1 Kxd5 55.Kd2 Ke4 56.Kc2 Kf5 57.Kd2 Ke4 58.Kc2 Kxe5
59.Kd2 Ke4 60.Kc2 Kd5 61.Kd2 Ke4 62.Kc2 e5 1/2-1/2

[Event "Moscow Open 2009 C"]
[Site "?"]
[Date "2009.02.04"]
[Round "5.73"]
[White "Vasiukova, Renata D"]
[Black "Yakimova, Taisia V"]
[Result "1-0"]
[WhiteElo "1574"]
[BlackElo "1529"]
[Annotator ""]
[Source ""]
[Remark ""]

1.c3 e5 2.d3 Nc6 3.h3 d5 4.Nd2 Nf6 5.g4 h6 6.Bg2 Be6 7.Qa4 Bd7
8.Qc2 Be7 9.a3 Bd6 10.Ngf3 Ne7 11.e4 c6 12.d4 Ng6 13.c4 exd4
14.Nxd4 Qe7 15.Nf5 Bxf5 16.gxf5 Nf4 17.Bf3 dxe4 18.Bxe4 Nxe4
19.Nxe4 c5 20.Bxf4 Bxf4 21.Qe2 O-O-O 22.f6 gxf6 23.Qg4+ f5 24.Qxf5+
Rd7 25.Qxf4 Rd4 26.Qf5+ Rd7 27.f3 1-0

[Event "Moscow Open 2009"]
[Site "Moscow"]
[Date "2009.02.05"]
[Round "6.1"]
[White "Paehtz, Elisabeth"]
[Black "Muzychuk, Anna"]
[Result "1/2-1/2"]
[WhiteElo "2455"]
[BlackElo "2540"]
[Annotator ""]
[Source ""]
[Remark ""]

1.e4 d5 2.exd5 Nf6 3.Nf3 Nxd5 4.d4 g6 5.Be2 Bg7 6.O-O O-O 7.Re1
c5 8.dxc5 Na6 9.Bc4 Ndb4 10.Qe2 Nxc5 11.Be3 Ne4 12.c3 Nc6 13.Na3
Bg4 14.h3 Bxf3 15.Qxf3 Nd2 16.Qe2 Nxc4 17.Qxc4 Qa5 18.Rad1 Rfd8 1/2-1/2

[Event "Moscow Open 2009"]
[Site "Moscow"]
[Date "2009.02.05"]
[Round "6.2"]
[White "Pogonina, Natalija"]
[Black "Ambartsumova, Karina"]
[Result "1-0"]
[WhiteElo "2467"]
[BlackElo "2227"]
[Annotator ""]
[Source ""]
[Remark ""]

1.e4 c5 2.Nf3 e6 3.d4 cxd4 4.Nxd4 a6 5.Bd3 Bc5 6.Nb3 Ba7 7.Qe2
Nc6 8.Be3 d6 9.Nc3 Nge7 10.O-O e5 11.Bxa7 Rxa7 12.a4 Qc7 13.Bc4
O-O 14.Nd1 b5 15.axb5 axb5 16.Rxa7 Nxa7 17.Bd3 Be6 18.Ne3 d5
19.exd5 Nxd5 20.Nxd5 Bxd5 21.Re1 Qb7 22.Na5 Qc7 23.b4 Qc3 24.Qxe5
Qxb4 25.Ra1 Ba2 26.Qc7 Qb2 27.Re1 Nc8 28.Qc5 b4 29.Bxh7+ Kxh7
30.Qxf8 Qc3 31.Rf1 Be6 32.Qd8 g6 33.Nb3 Qxc2 34.Nd4 1-0

[Event "Moscow Open 2009"]
[Site "Moscow"]
[Date "2009.02.05"]
[Round "6.3"]
[White "Shen, Yang"]
[Black "Repina, Varvara"]
[Result "0-1"]
[WhiteElo "2448"]
[BlackElo "2258"]
[Annotator ""]
[Source ""]
[Remark ""]

1.d4 d5 2.c4 e6 3.Nc3 c6 4.e3 Nf6 5.Nf3 Nbd7 6.Qc2 Bd6 7.Bd3
dxc4 8.Bxc4 b5 9.Bd3 Bb7 10.O-O O-O 11.h3 a6 12.e4 e5 13.Rd1
Qc7 14.a4 exd4 15.Nxd4 b4 16.Na2 c5 17.Nf5 Bh2+ 18.Kh1 Ne5 19.Bg5
Nxd3 20.Bxf6 Bxe4 21.Nh6+ gxh6 22.Rxd3 Bxd3 23.Qxd3 Be5 24.Qf5
Bxf6 25.Qxf6 Rfe8 26.Qxh6 Re6 27.Qg5+ Rg6 28.Qd5 Rd8 0-1

[Event "Moscow Open 2009"]
[Site "Moscow"]
[Date "2009.02.05"]
[Round "6.4"]
[White "Demina, Julia"]
[Black "Ushenina, Anna"]
[Result "1/2-1/2"]
[WhiteElo "2361"]
[BlackElo "2499"]
[Annotator ""]
[Source ""]
[Remark ""]

1.d4 Nf6 2.c4 c5 3.dxc5 Na6 4.Nf3 Nxc5 5.g3 g6 6.Bg2 Bg7 7.O-O
O-O 8.Nc3 d6 9.h3 Bd7 10.Be3 Qa5 11.a3 Na4 12.Nxa4 Bxa4 13.b3
Bc6 14.Bd4 Rfc8 15.Qe1 Qa6 16.a4 b6 17.Qb4 Rab8 18.Nh4 Qb7 19.Rfd1
Bxg2 20.Nxg2 Qe4 21.Ne3 h5 22.Qd2 Rd8 23.Rac1 Rbc8 24.Bxf6 Bxf6
25.Nd5 Bg7 26.Qe3 Qxe3 27.Nxe3 Kf8 28.Kg2 Rc5 29.Rd3 Rdc8 30.Rd5
Rxd5 31.Nxd5 e6 32.Ne3 d5 33.Rd1 dxc4 34.Nxc4 Ke8 1/2-1/2

[Event "Moscow Open 2009"]
[Site "Moscow"]
[Date "2009.02.05"]
[Round "6.5"]
[White "Molchanova, Tatjana"]
[Black "Zhukova, Natalia"]
[Result "1-0"]
[WhiteElo "2319"]
[BlackElo "2490"]
[Annotator ""]
[Source ""]
[Remark ""]

1.d4 d5 2.c4 c6 3.Nc3 Nf6 4.e3 e6 5.Nf3 Nbd7 6.Bd3 a6 7.b3 Bb4
8.Bb2 Ne4 9.Bxe4 dxe4 10.Nd2 f5 11.a3 Be7 12.Qh5+ g6 13.Qe2 c5
14.f3 exf3 15.Nxf3 O-O 16.d5 b5 17.dxe6 Nf6 18.Rd1 Qa5 19.O-O
Bxe6 20.Ng5 Qb6 21.e4 Rae8 22.exf5 Bxf5 23.Rxf5 gxf5 24.Qe5 bxc4
25.Nd5 Qxb3 26.Rf1 c3 27.Qe6+ Kh8 28.Bxc3 Kg7 29.Qxf5 1-0